000 00560nam a2200217Ia 4500
005 20221101140137.0
008 131103s9999 xx 000 0 und d
020 _a41500423
040 _aLoreto College
041 _aEnglish
082 _a130
_bPIA
100 _aPiaget, Jean
245 _aMain trends i n psychology
_cJean Piaget
260 _aLondon
_bGeorge Allen & Unwin
_c1970
300 _a72p
504 _aIncludes bibliographical references and index
650 _aParapsychology
651 _aPsychology
850 _aLCLIB
942 _cBK
999 _c18399
_d68878